00553 a2200157 450000500170000002000180001708200170003510000220005224500470007426000390012130000380016070000200019894200130021899900150023195201490024620250626142255.0 a0-471-64985-6 a658.404 CAL aCALLAHAN, K . R . aEssentials of Strategic Project Management aHoboken,bJohn Wiley & Sonsc2004. axi, 2009p.: ill.; bindex,c23cm. aBROOKS, L . M . 2ddccBKS c5394d5394 r2025-06-26 14:24:27l0o658.404 CALpMZA0002320v15000.00w2025-06-26yBKS102ddc407000a003b003cGENd2025-06-26eLibrary Budgetg50000.00